| 000 | 00000nam##2200000za#4500 |
| 001 | 9.573831 |
| 003 | CaOODSP |
| 005 | 20210624183905 |
| 007 | cr ||||||||||| |
| 008 | 150406|1994||||xxc|||||o f|0| 0 eng|d |
| 022 | |a1488-5379 |
| 040 | |aCaOODSP|beng |
| 043 | |an-cn--- |
| 086 | 1 |aFs97-6/1992E-PDF |
| 110 | 1 |aCanada. |bDepartment of Fisheries and Oceans. |bGulf Region. |
| 245 | 14|aThe Bigouden Nephrops trawl, and the Devismes trawl, two otter trawls efficiently catching benthic stages of snow crab (Chionoecetes opilio), and American lobster (Homarus americanus) / |h[electronic resource]|cby G.Y. Conan ... [et al.]. |
| 260 | |aMoncton - New Brunswick : |bFisheries and Oceans Canada. |c1994. |
| 300 | |a35p.|bfigs., graphs, maps, references |
| 490 | 1 |aCanadian technical report of fisheries and aquatic sciences|x1488-5379|vNo. 1992 |
| 500 | |aThe catalogue number (Fs97-6/1992E)and ISSN (0706-6457) for the print edition have been incorrectly copied in this electronic publication. |
| 546 | |a(Résumé en français) |
| 590 | |a12-23-Supp|b2012-05-28 |
| 720 | 1 |aConan, G. Y. |
| 776 | 0#|tThe Bigouden Nephrops trawl, and the Devismes trawl, two otter trawls efficiently catching benthic stages of Snow Crab (Chionoecetes opilio) and American Lobster (Homarus americanus) / |w(CaOODSP)9.611638 |
| 830 | #0|aCanadian technical report of fisheries and aquatic sciences,|x1488-5379|vNo. 1992|w(CaOODSP)9.504449 |
| 856 | 40|ahttp://publications.gc.ca|qPDF|s598 KB|uhttps://publications.gc.ca/collections/collection_2012/mpo-dfo/Fs97-6-1992-eng.pdf|yNo. 1992 |